[Event "CFriend RL-2004-0-00024 email"]
[Site "Chessfriend.com"]
[Date "2004.07.08"]
[Round "?"]
[White "Hasidume, Shuji"]
[Black "Svec, Drazen"]
[Result "1-0"]
[WhiteElo "1389"]
[BlackElo "1000"]
[PlyCount "39"]
[EventDate "2004.??.??"]
[EventType "tourn (corr)"]
[EventRounds "6"]
[SourceTitle "Corr 2008"]
[Source "ChessBase"]
[SourceDate "2008.06.24"]
[SourceVersion "1"]
[SourceVersionDate "2008.06.24"]
[SourceQuality "1"]

1. e4 b6 2. Nc3 Bb7 3. d4 d6 4. Nf3 Nf6 5. Bd3 e6 6. 0-0 Be7 7. e5 Nd5 8. Nxd5 Bxd5 9. c4 Bb7 10. Qc2 0-0 11. Bxh7+ Kh8 12. Be4 d5 13. cxd5 exd5 14. Bf5 Nc6 15. a3 f6 16. e6 g5 17. Qd3 a5 18. Nxg5 fxg5 19. Qh3+ Kg8 20. Qh7# 1-0

[Event "CFriend RL-2004-0-00024 email"]
[Site "Chessfriend.com"]
[Date "2004.07.08"]
[Round "?"]
[White "Svec, Drazen"]
[Black "Balaram, Mohanakrishnan"]
[Result "0-1"]
[WhiteElo "1000"]
[BlackElo "933"]
[PlyCount "60"]
[EventDate "2004.??.??"]
[EventType "tourn (corr)"]
[EventRounds "6"]
[SourceTitle "Corr 2008"]
[Source "ChessBase"]
[SourceDate "2008.06.24"]
[SourceVersion "1"]
[SourceVersionDate "2008.06.24"]
[SourceQuality "1"]

1. e4 e6 2. Nf3 d5 3. exd5 exd5 4. c4 c6 5. Nc3 Nf6 6. h3 Bd6 7. Qb3 Qb6 8. d4 Bb4 9. Bd3 0-0 10. 0-0 Bxc3 11. bxc3 Nbd7 12. Ba3 Qxb3 13. axb3 Re8 14. Ng5 h6 15. Nf3 Nf8 16. g4 Ng6 17. Bxg6 fxg6 18. Ne5 g5 19. f4 gxf4 20. Rxf4 Ne4 21. cxd5 cxd5 22. c4 Be6 23. Re1 Nd2 24. cxd5 Bxd5 25. b4 Rac8 26. Rd1 Rc2 27. Bc1 Nb3 28. Rff1 Rg2+ 29. Kh1 Rxg4+ 30. Nf3 Rxd4 0-1

[Event "IECG CP.2001.P.00079"]
[Site "IECG email"]
[Date "2001.10.01"]
[Round "?"]
[White "Epiney, Flo"]
[Black "Svec, Drazen"]
[Result "1-0"]
[WhiteElo "1854"]
[BlackElo "1000"]
[PlyCount "95"]
[EventDate "2001.10.01"]
[EventType "tourn (corr)"]
[EventRounds "6"]
[SourceTitle "Corr 2008"]
[Source "ChessBase"]
[SourceDate "2008.06.24"]
[SourceVersion "1"]
[SourceVersionDate "2008.06.24"]
[SourceQuality "1"]

1. c4 Nf6 2. Nf3 e6 3. Nc3 c5 4. g3 Nc6 5. Bg2 d5 6. cxd5 exd5 7. d4 Be7 8. 0-0 Be6 9. dxc5 Bxc5 10. a3 0-0 11. b4 Be7 12. Bb2 Ne4 13. Rc1 Bf6 14. Qd3 Nd6 15. Ba1 d4 16. Ne4 Nxe4 17. Qxe4 Re8 18. Qd3 a6 19. Rfe1 Bg4 20. h3 Bxf3 21. Qxf3 Rc8 22. Qd3 Qd7 23. Red1 Ne5 24. Qb1 Nc4 25. Qb3 b5 26. e3 Rcd8 27. Bxd4 Bxd4 28. Rxd4 Qe6 29. Qd3 Rxd4 30. Qxd4 Nxa3 31. Rc6 Qf5 32. Rxa6 Nc4 33. Be4 Qg5 34. Qd7 Qd8 35. Bc6 Qxd7 36. Bxd7 Rb8 37. Bxb5 Ne5 38. Be2 Rc8 39. f4 Nd7 40. Bg4 Rc1+ 41. Kf2 Nf8 42. b5 Rc2+ 43. Ke1 Rb2 44. b6 g6 45. Bf3 Nd7 46. Ra8+ Kg7 47. b7 Kf6 48. Re8 1-0